000 00830nab a2200241 u 4500
001 16075
003 HDC
007 cr bn ---aaaaa
008 210220c20091121xx dr|noo 0 a eng d
040 _aHDC
245 0 _aHIRC Pakistan has joined the National Technical Committee for Pakistan Halal Standards
260 _a[No place] :
_b[publisher not identified],
_c2009
336 _atext
_2rdacontent
337 _acomputer
_2rdamedia
338 _aonline resource
_2rdacarrier
650 _ahalal industry
_9144
650 _aHalal Standards
_zPakistan
_916023
710 _aHalal Focus
856 _zRequest full-text at [email protected]
942 _2lcc
942 _cNEWS
942 _kNWSO 005645
999 _c13391
_d13391